On course for 1 December start (Record no. 80968)

MARC details
000 -LEADER
fixed length control field 00836cab a22002175a 4500
001 - CONTROL NUMBER
control field E145895
008 - FIXED-LENGTH DATA ELEMENTS--GENERAL INFORMATION
fixed length control field 081120s2008 xxk f 000 0 eng d
035 ## - SYSTEM CONTROL NUMBER
System control number (Sirsi) u145895
041 0# - LANGUAGE CODE
Language code of text/sound track or separate title eng
100 1# - MAIN ENTRY--PERSONAL NAME
Personal name Maxwell, Stewart
245 00 - TITLE STATEMENT
Title On course for 1 December start
260 ## - PUBLICATION, DISTRIBUTION, ETC.
Date of publication, distribution, etc. 2008
490 #0 - SERIES STATEMENT
Series statement Estate Agent
Volume/sequential designation November 2008, 28-31(4)
520 ## - SUMMARY, ETC.
Summary, etc. Sets out the background to the introduction of the Home Report in Scotland on 1 December 2008. Discusses how the Home Report will work, how much it will cost, the various elements that make up the Home Report, and exemptions.
590 ## - LOCAL NOTE (RLIN)
Local note KA
650 24 - SUBJECT ADDED ENTRY--TOPICAL TERM
Topical term or geographic name entry element SCOTTISH SINGLE SURVEY SCHEME
651 #4 - SUBJECT ADDED ENTRY--GEOGRAPHIC NAME
Geographic name Scotland
Chronological subdivision 1999-
690 ## - LOCAL SUBJECT ADDED ENTRY--TOPICAL TERM (OCLC, RLIN)
Topical term or geographic name as entry element PROPERTY-RESIDENTIAL PROPERTY-ACQUISITION AND DISPOSAL OF RESIDENTIAL PROPERTY-HOME BUYING REFORM
700 1# - ADDED ENTRY--PERSONAL NAME
Personal name Wilson, Roger
942 ## - ADDED ENTRY ELEMENTS (KOHA)
Suppress in OPAC 0
Holdings
Withdrawn status Lost status Source of classification or shelving scheme Damaged status Not for loan Home library Current library Shelving location Date acquired Total Checkouts Full call number Barcode Date last seen Copy number Price effective from Koha item type
    Dewey Decimal Classification     London London Journal article 20/11/2008   E145895 145895-2001 06/08/2019 1 06/08/2019 Journal article